ANALYSIS AND DESIGN OF INTEGRATED ELECTRONIC CIRCUITS (Record no. 568474)
[ view plain ]
| 000 -LEADER | |
|---|---|
| fixed length control field | 00336nam a22001457a 4500 |
| 003 - CONTROL NUMBER IDENTIFIER | |
| control field | NUST |
| 038 ## - RECORD CONTENT LICENSOR | |
| Staff Name | NUST |
| 082 ## - DEWEY DECIMAL CLASSIFICATION NUMBER | |
| Classification number | 621.38173 CHI |
| 100 ## - MAIN ENTRY--PERSONAL NAME | |
| Personal name | CHIRLIAN,PAUL.M |
| 9 (RLIN) | 57387 |
| 245 ## - TITLE STATEMENT | |
| Title | ANALYSIS AND DESIGN OF INTEGRATED ELECTRONIC CIRCUITS |
| 260 ## - PUBLICATION, DISTRIBUTION, ETC. | |
| Place of publication, distribution, etc. | LONDON |
| Name of publisher, distributor, etc. | HARPER |
| Date of publication, distribution, etc. | 1987 |
| 300 ## - PHYSICAL DESCRIPTION | |
| Extent | 1019p |
| 563 ## - BINDING INFORMATION | |
| Binding note | HB |
| 942 ## - ADDED ENTRY ELEMENTS (KOHA) | |
| Koha item type | Book |
| Source of classification or shelving scheme | |
| Withdrawn status | Lost status | Source of classification or shelving scheme | Damaged status | Not for loan | Permanent Location | Current Location | Shelving location | Date acquired | Full call number | Barcode | Date last seen | Price effective from | Koha item type |
|---|---|---|---|---|---|---|---|---|---|---|---|---|---|
| College of Electrical & Mechanical Engineering (CEME) | College of Electrical & Mechanical Engineering (CEME) | General Stacks | 07/16/2017 | 621.38173 CHI | CEME-25063 | 06/28/2021 | 06/28/2021 | Book |
